Datum a čas kvízu
28.5
Celkem bodů
Celkový počet nahraných bodů na tomto kvízu bez doplňovacích otázek.
4.
Pořadí na kvízu
Konečné umístění týmu na tomto kvízu.
Zaznamenané odpovědi
| # | Otázka | Odpověď | Body | Výsledky |
|---|---|---|---|---|
| 1. | Minulý týden byly vyhlášeny vý... | Pavel Pafko | 1 | |
| 2. | V sousedním Rakousku před něko... | Sebastian Kurz | 1 | |
| 3. | V pražském Národním divadle se... | Zdeněk Svěrák | 1 | |
| 4. | Minulý týden jsme se dozvěděli... | Lime | 0 | |
| 5. | Minulý týden ukončila biatlono... | Anastasia Kuzminová | 1 | |
| 6. | Napíšete-li název afghánské le... | Bagrám | 1 | |
| 7. | Jak se jmenuje současný náčeln... | Aleš Opata | 0 | |
| 8. | Jak se nazývá město, u něhož s... | Čáslav | 0 | |
| 9. | Jednou z prvních zahraničních... | Bosna a Hercegovina | 0 | |
| 10. | Napište název tohoto víceúčelo... | Pandur | 1 |